Systematische Darstellung aller über das Strassenwesen und die Eisenbahnen bestehenden kaiserl. königl. österreichischen Gesetze und Verordnungen mit vorzüglicher Rücksicht auf das Königreich Böhmen /

Hlavní autor: Selner, Friedrich, činný 19. století
Jazyk: Němčina
Vydáno: Karlsbad ; Elbogen : Gebrüder Franieck, 1843
Témata:
Fyzický popis: [12], 32, 631 s., příl.
Knihy
Uloženo v:
LEADER 00886nam a2200217 a 4500
001 000690304
003 CZ BrMZK
005 20210802102332.0
007 ta
008 031001s1843 xr f ger d
015 |a cnb002864567 
040 |a BOA001  |b cze  |c BOA001 
100 1 |a Selner, Friedrich,  |d činný 19. století  |7 jx20090611044  |4 aut 
245 1 0 |a Systematische Darstellung aller über das Strassenwesen und die Eisenbahnen bestehenden kaiserl. königl. österreichischen Gesetze und Verordnungen mit vorzüglicher Rücksicht auf das Königreich Böhmen /  |c Friedrich Selner 
260 |a Karlsbad ;  |a Elbogen :  |b Gebrüder Franieck,  |c 1843 
300 |a [12], 32, 631 s., příl. 
910 |a BOA001  |b 2-0713.690 
964 |a Bohemika - stol. 19. 
990 |a BK 
993 |a Y 
996 6 |b 2619351581  |c 2-0713.690  |l Sklad H1  |r Sklad / do 24 hodin  |n 0  |h HS212  |w 000690304  |u 000010  |a 1  |e BOA001  |j MZK50  |s P